<?xml version="1.0" encoding="UTF-8"?>
<record
    xmlns:xsi="http://www.w3.org/2001/XMLSchema-instance"
    xsi:schemaLocation="http://www.loc.gov/MARC21/slim http://www.loc.gov/standards/marcxml/schema/MARC21slim.xsd"
    xmlns="http://www.loc.gov/MARC21/slim">

  <leader>01772nam0a2200373   4500</leader>
  <controlfield tag="001">RU\NLR\bibl\1067551</controlfield>
  <controlfield tag="005">20260406083703.0</controlfield>
  <datafield tag="010" ind1=" " ind2=" ">
    <subfield code="a">978-5-9524-2710-5</subfield>
    <subfield code="9">3000</subfield>
  </datafield>
  <datafield tag="021" ind1=" " ind2=" ">
    <subfield code="a">RU</subfield>
    <subfield code="b">2007-10244</subfield>
    <subfield code="9">544</subfield>
  </datafield>
  <datafield tag="035" ind1=" " ind2=" ">
    <subfield code="a">(NLR Aleph) 001054801</subfield>
  </datafield>
  <datafield tag="090" ind1=" " ind2=" ">
    <subfield code="a">901359</subfield>
    <subfield code="c">901359</subfield>
  </datafield>
  <datafield tag="100" ind1=" " ind2=" ">
    <subfield code="a">20070403d2007    |||y0rusy50      ca</subfield>
  </datafield>
  <datafield tag="101" ind1="0" ind2=" ">
    <subfield code="a">rus</subfield>
  </datafield>
  <datafield tag="102" ind1=" " ind2=" ">
    <subfield code="a">RU</subfield>
  </datafield>
  <datafield tag="105" ind1=" " ind2=" ">
    <subfield code="a">a   |||||||||</subfield>
  </datafield>
  <datafield tag="200" ind1="1" ind2=" ">
    <subfield code="a">&#x412;&#x435;&#x43B;&#x438;&#x43A;&#x430;&#x44F; &#x440;&#x443;&#x441;&#x441;&#x43A;&#x430;&#x44F; &#x440;&#x435;&#x432;&#x43E;&#x43B;&#x44E;&#x446;&#x438;&#x44F;</subfield>
    <subfield code="d">The great russian revolution</subfield>
    <subfield code="e">&#x432;&#x43E;&#x441;&#x43F;&#x43E;&#x43C;&#x438;&#x43D;&#x430;&#x43D;&#x438;&#x44F; &#x43F;&#x440;&#x435;&#x434;&#x441;&#x435;&#x434;&#x430;&#x442;&#x435;&#x43B;&#x44F; &#x423;&#x447;&#x440;&#x435;&#x434;&#x438;&#x442;&#x435;&#x43B;&#x44C;&#x43D;&#x43E;&#x433;&#x43E; &#x441;&#x43E;&#x431;&#x440;&#x430;&#x43D;&#x438;&#x44F;, 1905-1920</subfield>
    <subfield code="f">&#x412;&#x438;&#x43A;&#x442;&#x43E;&#x440; &#x427;&#x435;&#x440;&#x43D;&#x43E;&#x432;</subfield>
    <subfield code="z">eng</subfield>
  </datafield>
  <datafield tag="210" ind1=" " ind2=" ">
    <subfield code="a">&#x41C;&#x43E;&#x441;&#x43A;&#x432;&#x430;</subfield>
    <subfield code="c">&#x426;&#x435;&#x43D;&#x442;&#x440;&#x43F;&#x43E;&#x43B;&#x438;&#x433;&#x440;&#x430;&#x444;</subfield>
    <subfield code="d">2007</subfield>
  </datafield>
  <datafield tag="215" ind1=" " ind2=" ">
    <subfield code="a">428, [2] &#x441;., [4] &#x43B;. &#x438;&#x43B;., &#x43F;&#x43E;&#x440;&#x442;&#x440;.</subfield>
    <subfield code="d">21</subfield>
  </datafield>
  <datafield tag="225" ind1="1" ind2=" ">
    <subfield code="a">&#x421;&#x432;&#x438;&#x434;&#x435;&#x442;&#x435;&#x43B;&#x438; &#x44D;&#x43F;&#x43E;&#x445;&#x438;</subfield>
  </datafield>
  <datafield tag="300" ind1=" " ind2=" ">
    <subfield code="a">&#x410;&#x432;&#x442;. &#x442;&#x430;&#x43A;&#x436;&#x435; &#x43D;&#x430; &#x430;&#x43D;&#x433;&#x43B;. &#x44F;&#x437;.: Victor Chernov</subfield>
  </datafield>
  <datafield tag="320" ind1=" " ind2=" ">
    <subfield code="a">&#x411;&#x438;&#x431;&#x43B;&#x438;&#x43E;&#x433;&#x440;. &#x432; &#x43F;&#x440;&#x438;&#x43C;.: &#x441;. 421-429</subfield>
  </datafield>
  <datafield tag="510" ind1="0" ind2=" ">
    <subfield code="6">z73790</subfield>
    <subfield code="a">The great russian revolution</subfield>
    <subfield code="z">eng</subfield>
  </datafield>
  <datafield tag="600" ind1=" " ind2="1">
    <subfield code="a">&#x427;&#x435;&#x440;&#x43D;&#x43E;&#x432;</subfield>
    <subfield code="b">&#x412;.&#x41C;.</subfield>
    <subfield code="f">1873 - 1952</subfield>
    <subfield code="g">&#x412;&#x438;&#x43A;&#x442;&#x43E;&#x440; &#x41C;&#x438;&#x445;&#x430;&#x439;&#x43B;&#x43E;&#x432;&#x438;&#x447;</subfield>
    <subfield code="j">&#x412;&#x43E;&#x441;&#x43F;&#x43E;&#x43C;&#x438;&#x43D;&#x430;&#x43D;&#x438;&#x44F;, &#x437;&#x430;&#x43F;&#x438;&#x441;&#x43A;&#x438; &#x438; &#x442;.&#x43F;.</subfield>
    <subfield code="9">2140715</subfield>
    <subfield code="3">RU\NLR\auth\661290289</subfield>
  </datafield>
  <datafield tag="607" ind1=" " ind2=" ">
    <subfield code="a">&#x420;&#x43E;&#x441;&#x441;&#x438;&#x44F;</subfield>
    <subfield code="j">&#x412;&#x43E;&#x441;&#x43F;&#x43E;&#x43C;&#x438;&#x43D;&#x430;&#x43D;&#x438;&#x44F;, &#x437;&#x430;&#x43F;&#x438;&#x441;&#x43A;&#x438; &#x438; &#x442;.&#x43F;.</subfield>
    <subfield code="x">&#x418;&#x441;&#x442;&#x43E;&#x440;&#x438;&#x44F;</subfield>
    <subfield code="z">&#x43D;&#x430;&#x447;. 20 &#x432;.</subfield>
    <subfield code="9">2368087</subfield>
    <subfield code="3">RU\NLR\auth\661413622</subfield>
  </datafield>
  <datafield tag="686" ind1=" " ind2=" ">
    <subfield code="a">&#x422;3(2)52,013</subfield>
  </datafield>
  <datafield tag="686" ind1=" " ind2=" ">
    <subfield code="a">&#x424;69(2)421.2,013</subfield>
  </datafield>
  <datafield tag="700" ind1=" " ind2="1">
    <subfield code="4">070</subfield>
    <subfield code="8">rus</subfield>
    <subfield code="7">ca</subfield>
    <subfield code="a">&#x427;&#x435;&#x440;&#x43D;&#x43E;&#x432;</subfield>
    <subfield code="b">&#x412;. &#x41C;.</subfield>
    <subfield code="c">&#x43F;&#x43E;&#x43B;&#x438;&#x442;. &#x434;&#x435;&#x44F;&#x442;&#x435;&#x43B;&#x44C;</subfield>
    <subfield code="f">1873-1952</subfield>
    <subfield code="g">&#x412;&#x438;&#x43A;&#x442;&#x43E;&#x440; &#x41C;&#x438;&#x445;&#x430;&#x439;&#x43B;&#x43E;&#x432;&#x438;&#x447;</subfield>
    <subfield code="3">RU\NLR\auth\7750836</subfield>
    <subfield code="9">33770</subfield>
  </datafield>
  <datafield tag="790" ind1=" " ind2="1">
    <subfield code="4">070</subfield>
    <subfield code="8">rus</subfield>
    <subfield code="7">ba</subfield>
    <subfield code="a">&#x10C;ernov</subfield>
    <subfield code="b">V. M.</subfield>
    <subfield code="c">&#x43F;&#x43E;&#x43B;&#x438;&#x442;. &#x434;&#x435;&#x44F;&#x442;&#x435;&#x43B;&#x44C;</subfield>
    <subfield code="f">1873-1952</subfield>
    <subfield code="g">Viktor Michajlovi&#x10D;</subfield>
    <subfield code="3">RU\NLR\auth\7750837</subfield>
    <subfield code="9">33771</subfield>
  </datafield>
  <datafield tag="801" ind1=" " ind2="0">
    <subfield code="a">RU</subfield>
    <subfield code="b">NLR</subfield>
    <subfield code="c">20070403</subfield>
    <subfield code="g">RCR</subfield>
  </datafield>
  <datafield tag="801" ind1=" " ind2="1">
    <subfield code="a">RU</subfield>
    <subfield code="b">NLR</subfield>
    <subfield code="c">20070403</subfield>
  </datafield>
  <datafield tag="942" ind1=" " ind2=" ">
    <subfield code="c">BOOK</subfield>
  </datafield>
  <datafield tag="980" ind1=" " ind2=" ">
    <subfield code="a">NB</subfield>
  </datafield>
  <datafield tag="995" ind1=" " ind2=" ">
    <subfield code="5">2007-04-03</subfield>
    <subfield code="a">ad</subfield>
    <subfield code="b">NLR01</subfield>
    <subfield code="c">NLR01</subfield>
    <subfield code="e">RF9</subfield>
    <subfield code="f">1-3130098</subfield>
    <subfield code="k">2007-3/10140</subfield>
    <subfield code="o">0</subfield>
    <subfield code="r">BOOK</subfield>
    <subfield code="s">2007310140_</subfield>
  </datafield>
  <datafield tag="995" ind1=" " ind2=" ">
    <subfield code="5">2007-04-03</subfield>
    <subfield code="a">ad</subfield>
    <subfield code="b">NLR01</subfield>
    <subfield code="c">NLR01</subfield>
    <subfield code="e">RF9</subfield>
    <subfield code="f">1-960582</subfield>
    <subfield code="k">2007-3/10140</subfield>
    <subfield code="o">0</subfield>
    <subfield code="r">BOOK</subfield>
    <subfield code="s">2007310140_</subfield>
  </datafield>
  <datafield tag="995" ind1=" " ind2=" ">
    <subfield code="5">2007-05-17</subfield>
    <subfield code="a">aa</subfield>
    <subfield code="b">NLR02</subfield>
    <subfield code="c">NLR02</subfield>
    <subfield code="e">UCHZ</subfield>
    <subfield code="f">1-113248</subfield>
    <subfield code="k">&#x423;  &#x422;3(2)52,013/&#x427;-493</subfield>
    <subfield code="o">0</subfield>
    <subfield code="p">140.00</subfield>
    <subfield code="r">BOOK</subfield>
    <subfield code="s">_3252013493</subfield>
  </datafield>
  <datafield tag="995" ind1=" " ind2=" ">
    <subfield code="5">2007-05-17</subfield>
    <subfield code="a">aa</subfield>
    <subfield code="b">NLR04</subfield>
    <subfield code="c">NLR04</subfield>
    <subfield code="e">DP01</subfield>
    <subfield code="f">2435842</subfield>
    <subfield code="o">0</subfield>
    <subfield code="p">140.00</subfield>
    <subfield code="r">BOOK</subfield>
  </datafield>
  <datafield tag="995" ind1=" " ind2=" ">
    <subfield code="5">2015-08-07</subfield>
    <subfield code="a">aa</subfield>
    <subfield code="b">NLR02</subfield>
    <subfield code="c">NLR02</subfield>
    <subfield code="e">MK</subfield>
    <subfield code="f">1-996474</subfield>
    <subfield code="o">6</subfield>
    <subfield code="p">140.00</subfield>
    <subfield code="r">BOOK</subfield>
  </datafield>
</record>
